Technologická linka na konektorovanie pružných obvodov na báze optických vlákien

Na minha lista:
Detalhes bibliográficos
Autor principal: Goliaš, Michal (Author)
Outros Autores: Synak, Dušan (Thesis advisor), Lelák, Jaroslav, 1951- (Thesis advisor)
Formato: Manuscrito Livro
Idioma:eslovaco
Publicado em: Bratislava : STU v Bratislave FEI, 2003
Assuntos:
Tags: Adicionar Tag
Sem tags, seja o primeiro a adicionar uma tag!

MARC

LEADER 00000ntm a22000003a 4500
001 stu81086
005 20160719164737.1
008 030620s2003------------------------slo-d
040 |a STU  |b slo 
041 0 |a slo 
100 1 |a Goliaš, Michal  |4 aut 
245 1 |a Technologická linka na konektorovanie pružných obvodov na báze optických vlákien 
260 |a Bratislava :  |b STU v Bratislave FEI,  |c 2003 
300 |a 57 s 
650 7 |a Elektroenergetické a silnoprúdové inžinierstvo  |2 stusub 
700 1 |a Synak, Dušan  |4 ths 
700 1 |a Lelák, Jaroslav,  |d 1951-  |4 ths  |u E020  |U FEI Fakulta elektrotechniky a informatiky  |T FEI Ústav elektroenergetiky a aplikovanej elektrotechniky  |X 2083  |U E020  |Y 548  |7 A000002083